Stalking in Fällen häuslicher Gewalt

Saved in:  
Bibliographic Details
Main Author: Löbmann, Rebecca 1968- (Author)
Format: Print Article
Language:German
Published: 2004
In: Stalking
Year: 2004, Pages: 75-100
Check availability: HBZ Gateway
Keywords:

MARC

LEADER 00000caa a2200000 c 4500
001 1525982664
003 DE-627
005 20220604105032.0
007 tu
008 160223s2004 xx ||||| 00| ||ger c
020 |a 3935979363 
035 |a (DE-627)1525982664 
035 |a (DE-576)45598266X 
035 |a (DE-599)BSZ45598266X 
040 |a DE-627  |b ger  |c DE-627  |e rakwb 
041 |a ger 
100 1 |a Löbmann, Rebecca  |d 1968-  |0 (DE-588)1036151484  |0 (DE-627)749727187  |0 (DE-576)383684374  |4 aut 
109 |a Löbmann, Rebecca 1968- 
245 1 0 |a Stalking in Fällen häuslicher Gewalt  |c Rebecca Löbmann 
264 1 |c 2004 
336 |a Text  |b txt  |2 rdacontent 
337 |a ohne Hilfsmittel zu benutzen  |b n  |2 rdamedia 
338 |a Band  |b nc  |2 rdacarrier 
773 0 8 |i In  |t Stalking  |d Frankfurt am Main : Verl. für Polizeiwissenschaft, 2004  |g (2004), Seite 75-100  |h VI, 304 S  |w (DE-627)379626241  |w (DE-576)110508270  |z 3935979363  |7 nnam 
773 1 8 |g year:2004  |g pages:75-100 
935 |a mkri 
951 |a AR 
ELC |b 1 
LOK |0 000 xxxxxcx a22 zn 4500 
LOK |0 001 2899475304 
LOK |0 003 DE-627 
LOK |0 004 1525982664 
LOK |0 005 20260216125417 
LOK |0 008 160208||||||||||||||||ger||||||| 
LOK |0 040   |a DE-21-110  |c DE-627  |d DE-21-110 
LOK |0 689   |a s  |a Stalking 
LOK |0 689   |a s  |a Häusliche Gewalt 
LOK |0 852   |a DE-21-110 
LOK |0 852 1  |m p  |9 00 
LOK |0 935   |a k110 
LOK |0 938   |k p 
LOK |0 939   |a 08-02-16  |b l01 
ORI |a WA-MARC-krimdoka001.raw